000 00296nam a2200109Ia 4500
008 200302s9999 xx 000 0 und d
100 _aFrederick Gutheim
245 _aThe Federal City : Plans & Realities
260 _bSmithsonian Institution Press Publication
260 _c1976
300 _a170 P.,
999 _c5664
_d5664